The scheduled tribes / (Record no. 177264)

MARC details
000 -LEADER
fixed length control field 00731nam a22002177a 4500
005 - DATE AND TIME OF LATEST TRANSACTION
control field 20210216164951.0
010 ## - LCCN (DPL NO)
LC control number B-736899
020 ## - INTERNATIONAL STANDARD BOOK NUMBER
International Standard Book Number 9780195642537
Terms of availability 925.00
035 ## - SYSTEM CONTROL NUMBER
System control number B-736899
037 ## - SOURCE OF ACQUISITION
Source of stock number/acquisition Gift/Eng/03-02-2021
082 ## - DEWEY DECIMAL CLASSIFICATION NUMBER
Classification number 307.7720954
100 ## - MAIN ENTRY--PERSONAL NAME
Personal name K.S. Singh
245 ## - TITLE STATEMENT
Title The scheduled tribes /
Remainder of title by K.S. Singh
260 ## - PUBLICATION, DISTRIBUTION, ETC. (IMPRINT)
Place of publication, distribution, etc New Delhi
Name of publisher, distributor, etc Oxford University Press
Date of publication, distribution, etc 2012
270 ## - ADDRESS
Address YMCA Library Building, 1 Jai Singh Road
City New Delhi
Postal code 110001
300 ## - PHYSICAL DESCRIPTION
Extent xii, 1266p.
Dimensions 22cm(pbk)
490 ## - SERIES STATEMENT
Series statement People of India
Volume number/sequential designation III
500 ## - GENERAL NOTE
General note includes bibliographical references
942 ## - ADDED ENTRY ELEMENTS (KOHA)
Source of classification or shelving scheme Dewey Decimal Classification
Item type English Books
Call number suffix KSS
Classification part 307.7720954
Holdings
Withdrawn status Lost status Not for loan Collection code Home library Current library Date acquired Source of acquisition Cost, normal purchase price Full call number Barcode Copy number Cost, replacement price Koha item type
      Non-fiction Central Library Central Library 16/02/2021 Gift/Eng/03-02-2021 925.00 307.7720954 KSS B-736899 1 925.00 English Books

© Delhi Public Library
Hit Counter
free hit counter